Fourier series, transforms, and boundary value problems / (Record no. 175414)
[ view plain ]
| 000 -LEADER | |
|---|---|
| fixed length control field | 01286 a2200289 4500 |
| 003 - CONTROL NUMBER IDENTIFIER | |
| control field | Nust |
| 005 - DATE AND TIME OF LATEST TRANSACTION | |
| control field | 20230222113642.0 |
| 010 ## - LIBRARY OF CONGRESS CONTROL NUMBER | |
| LC control number | 89025089 |
| 020 ## - INTERNATIONAL STANDARD BOOK NUMBER | |
| International Standard Book Number | 0471619833 |
| 040 ## - CATALOGING SOURCE | |
| Transcribing agency | Nust |
| 082 00 - DEWEY DECIMAL CLASSIFICATION NUMBER | |
| Classification number | 515.35,HAN |
| 100 1# - MAIN ENTRY--PERSONAL NAME | |
| Personal name | Hanna, J. Ray. |
| 9 (RLIN) | 103283 |
| 245 10 - TITLE STATEMENT | |
| Title | Fourier series, transforms, and boundary value problems / |
| 250 ## - EDITION STATEMENT | |
| Edition statement | 2nd ed. / |
| Remainder of edition statement | J. Ray Hanna and John H. Rowland. |
| 260 ## - PUBLICATION, DISTRIBUTION, ETC. | |
| Place of publication, distribution, etc. | New York : |
| Name of publisher, distributor, etc. | Wiley, |
| Date of publication, distribution, etc. | c1990. |
| 300 ## - PHYSICAL DESCRIPTION | |
| Extent | xii, 354 p. : |
| Other physical details | ill. ; |
| Dimensions | 25 cm. |
| 490 1# - SERIES STATEMENT | |
| Series statement | Pure and applied mathematics |
| 505 ## - FORMATTED CONTENTS NOTE | |
| Formatted contents note | Linear Differential Equation (Page-1), Orthogonal Sets of Function (Page-40), Fourier Series (Page-68), Fourier Integrals (Page-102), Basel Functions (Page-117), Legendre Polynomials (Page-142),Integral Transforms (Page-168), Application of BVPs (Page-219), Additional Applications (Page-270). |
| 650 #0 - SUBJECT ADDED ENTRY--TOPICAL TERM | |
| Topical term or geographic name entry element | Boundary value problems. |
| 9 (RLIN) | 689 |
| 650 #0 - SUBJECT ADDED ENTRY--TOPICAL TERM | |
| Topical term or geographic name entry element | Fourier series. |
| 9 (RLIN) | 39035 |
| 700 1# - ADDED ENTRY--PERSONAL NAME | |
| Personal name | Hanna, J. Ray. |
| 9 (RLIN) | 103283 |
| 700 1# - ADDED ENTRY--PERSONAL NAME | |
| Personal name | Rowland, John H. |
| 9 (RLIN) | 103284 |
| 830 #0 - SERIES ADDED ENTRY--UNIFORM TITLE | |
| Uniform title | Pure and applied mathematics (John Wiley & Sons : unnumbered) |
| 9 (RLIN) | 12576 |
| 856 42 - ELECTRONIC LOCATION AND ACCESS | |
| Materials specified | Publisher description |
| Uniform Resource Identifier | <a href="http://www.loc.gov/catdir/description/wiley031/89025089.html">http://www.loc.gov/catdir/description/wiley031/89025089.html</a> |
| 856 42 - ELECTRONIC LOCATION AND ACCESS | |
| Materials specified | Table of Contents |
| Uniform Resource Identifier | <a href="http://www.loc.gov/catdir/toc/onix01/89025089.html">http://www.loc.gov/catdir/toc/onix01/89025089.html</a> |
| 942 ## - ADDED ENTRY ELEMENTS (KOHA) | |
| Koha item type | Reference |
| Source of classification or shelving scheme | |
| Withdrawn status | Lost status | Source of classification or shelving scheme | Damaged status | Not for loan | Permanent Location | Current Location | Shelving location | Date acquired | Full call number | Barcode | Date last seen | Price effective from | Koha item type | Public note |
|---|---|---|---|---|---|---|---|---|---|---|---|---|---|---|
| Military College of Signals (MCS) | Military College of Signals (MCS) | General Stacks | 12/12/2016 | 515.35,HAN | MCS27454 | 12/08/2016 | 12/12/2016 | Book | Almirah No.71, Shelf No.2 |
